Statistiques concernant Pyramide de mots n°13

Cliquez ici pour prendre le quiz!

Statistiques générales

  • Ce quiz a été pris 288 fois
  • Le résultat moyen est 3 sur 6

Statistiques - réponses

LettresIndicesMots% Correct
C,EDémonstratifCe
100%
Qui n'est pas humideSec
100%
Elles peuvent être d'or, de diamant, de porcelaine,...Noces
32%
Impôt féodalCens
28%
Qui s'y frotte s'y piqueRonces
23%
Plante rampante à feuilles comestiblesCresson
4%

Distribution des résultats

Percentile par nombre de réponses

% des personnes avec chaque résultat

Votre développement - résultats

Vous n’avez pas pris ce quiz